| 000 | 01621nam0a22003251 4500 | ||
|---|---|---|---|
| 001 | rc\4540357 | ||
| 005 | 20250612112653.0 | ||
| 021 |
_aRU _b[68-2367] |
||
| 035 | _a(NLR Aleph) 008635128 | ||
| 090 |
_a8907297 _c8907297 |
||
| 100 | _a20130416d1967 |||y0rusy50 ca | ||
| 101 | 0 | _arus | |
| 102 | _aRU | ||
| 105 | _ay ac ||||| | ||
| 200 | 1 |
_aБиблиографический указатель патентов США (типа "Интерпас") _eПо классу 80 c.; 80 d изобретений СССР _fМ-во строит., дор. и коммун. машиностроения. Центр. науч.-исслед. ин-т информации и техн.-экон. исследований по строит., дор. и коммун. машиностроению |
|
| 210 |
_aМосква _cБ. и. _d1967 |
||
| 215 |
_a31 с. _d17х26 |
||
| 225 | 1 | _aСерия II | |
| 300 | _aСост. указаны на обороте тит. л.: Н.М. Колкотин, Г.В. Гаврилова, Л.В. Дудова | ||
| 300 | _aНа обл. загл.: Библиографический указатель иностранных патентов (США) | ||
| 512 | 0 | _aБиблиографический указатель иностранных патентов (США) | |
| 606 |
_aПатенты _yСША _jБиблиография _2psbo |
||
| 700 | 1 |
_aКолкотин _bН.М. _4220 |
|
| 701 | 1 |
_aГаврилова _bГ.В. _4220 |
|
| 701 | 1 |
_aДудова _bЛ.В. _4220 |
|
| 801 | 0 |
_aRU _bNLR _gpsbo |
|
| 801 | 1 |
_aRU _bELAR _2rusmarc |
|
| 852 |
_aNLR _jПт 10.2/701-80с |
||
| 942 | _cBOOK | ||
| 980 | _aNB | ||